<?xml version="1.0" encoding="UTF-8"?>
<record
    xmlns:xsi="http://www.w3.org/2001/XMLSchema-instance"
    xsi:schemaLocation="http://www.loc.gov/MARC21/slim http://www.loc.gov/standards/marcxml/schema/MARC21slim.xsd"
    xmlns="http://www.loc.gov/MARC21/slim">

  <leader>00674nam a22001937a 4500</leader>
  <datafield tag="999" ind1=" " ind2=" ">
    <subfield code="c">164124</subfield>
    <subfield code="d">164124</subfield>
  </datafield>
  <controlfield tag="005">20190510163154.0</controlfield>
  <datafield tag="010" ind1=" " ind2=" ">
    <subfield code="a">UR-10096</subfield>
  </datafield>
  <datafield tag="020" ind1=" " ind2=" ">
    <subfield code="c">400.00</subfield>
    <subfield code="a">9789386624611</subfield>
  </datafield>
  <datafield tag="035" ind1=" " ind2=" ">
    <subfield code="a">U-8651</subfield>
  </datafield>
  <datafield tag="037" ind1=" " ind2=" ">
    <subfield code="b">DBAD/PUB</subfield>
  </datafield>
  <datafield tag="082" ind1=" " ind2=" ">
    <subfield code="a">&#x6A9;</subfield>
  </datafield>
  <datafield tag="100" ind1=" " ind2=" ">
    <subfield code="a">&#x646;&#x642;&#x648; &#x6CC; &#x646;&#x642;&#x634;&#x628;&#x646;&#x62F; &#x642;&#x645;&#x631; &#x628;&#x62E;&#x627; &#x631; &#x6CC; </subfield>
  </datafield>
  <datafield tag="245" ind1=" " ind2=" ">
    <subfield code="a">&#x62E;&#x648; &#x646;&#x6CC; &#x622; &#x62F; &#x645; &#x62E;&#x648; &#x631; &#x634;&#x64A;&#x631;</subfield>
    <subfield code="c">&#x646;&#x642;&#x648; &#x6CC; &#x646;&#x642;&#x634;&#x628;&#x646;&#x62F; &#x642;&#x645;&#x631; &#x628;&#x62E;&#x627; &#x631; &#x6CC; </subfield>
  </datafield>
  <datafield tag="246" ind1=" " ind2=" ">
    <subfield code="b">Khooni   (Urdu)</subfield>
    <subfield code="a">by Naqshband Qamar Naqvi</subfield>
  </datafield>
  <datafield tag="260" ind1=" " ind2=" ">
    <subfield code="a"> Delhi</subfield>
    <subfield code="b">Educational Publishing House</subfield>
    <subfield code="c">2017 &#x621;  </subfield>
  </datafield>
  <datafield tag="270" ind1=" " ind2=" ">
    <subfield code="a">3191&#x60C;Vakil Street,Kucha Pandit,Lal Kuan,</subfield>
    <subfield code="b">Delhi</subfield>
    <subfield code="e">110006</subfield>
    <subfield code="k">23216162</subfield>
    <subfield code="l">00911123211540</subfield>
  </datafield>
  <datafield tag="300" ind1=" " ind2=" ">
    <subfield code="a">164&#x635;</subfield>
    <subfield code="c">22 Cm.(bk)     </subfield>
  </datafield>
  <datafield tag="942" ind1=" " ind2=" ">
    <subfield code="2">ddc</subfield>
    <subfield code="c">UR</subfield>
    <subfield code="h">&#x6A9;</subfield>
    <subfield code="m">&#x646; &#x642; &#x648; </subfield>
  </datafield>
  <datafield tag="952" ind1=" " ind2=" ">
    <subfield code="0">0</subfield>
    <subfield code="1">0</subfield>
    <subfield code="4">0</subfield>
    <subfield code="7">1</subfield>
    <subfield code="8">FIC</subfield>
    <subfield code="a">DBAD</subfield>
    <subfield code="b">DBAD</subfield>
    <subfield code="d">2019-05-10</subfield>
    <subfield code="e">DBAD/PUB</subfield>
    <subfield code="g">400.00</subfield>
    <subfield code="l">0</subfield>
    <subfield code="o">&#x6A9; &#x646; &#x642; &#x648;</subfield>
    <subfield code="p">U-8651</subfield>
    <subfield code="r">2019-05-10 00:00:00</subfield>
    <subfield code="t">1</subfield>
    <subfield code="v">400.00</subfield>
    <subfield code="w">2019-05-10</subfield>
    <subfield code="y">UR</subfield>
  </datafield>
</record>
